Mis juegos preferidos / (Registro nro. 14815)

Detalles MARC
000 -LIDER
fixed length control field 00917nam a22002777a 4500
001 - NÚMERO DE CONTROL
Identificador de número de control 000480
003 - IDENTIFICACDOR DE NÚMERO DE CONTROL
control field DO-SdBNP
005 - DATE AND TIME OF LATEST TRANSACTION
control field 20240917124813.0
007 - CAMPOS FIJOS DE DESCRIPCIÓN FÍSICA
fixed length control field 000480
008 - ELEMENTOS DE LONGITUD FIJA
fixed length control field 160906b2003 ck ||| 00| 0 spa d
020 ## - ISBN
International Standard Book Number 9586771679
040 ## - FUENTE DE CATALOGACIÓN
Agencia que crea de manera original el registro BPMSU
Idioma de catalogación spa
Agencia que realiza la transcripción BPMSU
082 #4 - NÚMERO DE CLASIFICACIÓN DECIMAL DE DEWEY
Classification number 796.1
Item number M678j 2003
Edition number 22
245 00 - MENCIÓN DE TITULO
Título Mis juegos preferidos /
Mención de responsabilidad Editor Gustavo de Elorza ; ilustración Magaly Martínez... [y otros] ; compilación María Elena Sanabria
246 14 - VARIACION DEL TÍTULO
Título propiamente dicho o título corto Mis canciones y juegos preferidos
260 ## - PUBLICACIÓN, DISTRIBUCIÓN, ETC. (PIE DE IMPRENTA)
Lugar de publicación, distribución, etc Colombia :
Nombre del editor, distribuidor, etc. Zamora Ediciones,
Fecha de publicación, distribución, etc 2003
300 ## - DESCRIPCIÓN FÍSICA
Extensión 156 p. :
Otros detalles físicos ils. ;
Dimensiones 28 cm.
590 ## - NOTA LOCAL
Texto de la nota local Inventariado, 2024/VM
650 #4 - ENCABEZAMIENTO DE MATERIA--TEMÁTICO
Término temático o nombre geográfico como elemento de entrada Juegos infantiles.
650 #4 - ENCABEZAMIENTO DE MATERIA--TEMÁTICO
Término temático o nombre geográfico como elemento de entrada Poesía infantil
Subdivisión de forma Colecciones
700 1# - ASIENTO SECUNDARIO -- NOMBRE PERSONAL
Nombre personal Elorza, Gustavo de
700 1# - ASIENTO SECUNDARIO -- NOMBRE PERSONAL
Nombre personal Martínez, Magaly
Mención de responsabilidad ilustraciones
700 1# - ASIENTO SECUNDARIO -- NOMBRE PERSONAL
Nombre personal Sanabria, María Elena
Mención de responsabilidad compiladora
910 ## - VALIDACIÓN
Validación VMateo V. Control de calidad. BPMSU
942 ## - ADDED ENTRY ELEMENTS (KOHA)
Source of classification or shelving scheme Dewey Decimal Classification
Koha item type Libros
Existencias
Withdrawn status Lost status Source of classification or shelving scheme Damaged status Not for loan Collection code Home library Current library Date acquired Total Checkouts Full call number Barcode Date last seen Copy number Price effective from Koha item type
    Dewey Decimal Classification     Colección Infantil General Biblioteca Pública Metropolitana Salomé Ureña Biblioteca Pública Metropolitana Salomé Ureña 09/17/2024   BPMSU CGI 790.1 M678j 2003 BPMSU24090047 09/17/2024 v.1 09/17/2024 Libros
    Dewey Decimal Classification     Colección Infantil General Biblioteca Pública Metropolitana Salomé Ureña Biblioteca Pública Metropolitana Salomé Ureña 09/17/2024   BPMSU CGI 790.1 M678j 2003 BPMSU24090048 09/17/2024 v.3 09/17/2024 Libros
    Dewey Decimal Classification     Colección Infantil General Biblioteca Pública Metropolitana Salomé Ureña Biblioteca Pública Metropolitana Salomé Ureña 09/17/2024   BPMSU CGI 790.1 M678j 2003 BPMSU24090049 09/17/2024 v.2 09/17/2024 Libros
    Dewey Decimal Classification     Colección Infantil General Biblioteca Pública Metropolitana Salomé Ureña Biblioteca Pública Metropolitana Salomé Ureña 09/17/2024   BPMSU CGI 790.1 M678j 2003 BPMSU24090050 09/17/2024 v.3, e.2 09/17/2024 Libros
    Dewey Decimal Classification     Colección Infantil General Biblioteca Pública Metropolitana Salomé Ureña Biblioteca Pública Metropolitana Salomé Ureña 09/17/2024   BPMSU CGI 790.1 M678j 2003 BPMSU24090051 09/17/2024 v.3, e.3 09/17/2024 Libros
    Dewey Decimal Classification     Colección Infantil General Biblioteca Pública Metropolitana Salomé Ureña Biblioteca Pública Metropolitana Salomé Ureña 09/17/2024   BPMSU CGI 790.1 M678j 2003 BPMSU24090052 09/17/2024 v.1, e.2 09/17/2024 Libros
    Dewey Decimal Classification     Colección Infantil General Biblioteca Pública Metropolitana Salomé Ureña Biblioteca Pública Metropolitana Salomé Ureña 09/17/2024   BPMSU CGI 790.1 M678j 2003 BPMSU24090053 09/17/2024 v.1, e.3 09/17/2024 Libros
    Dewey Decimal Classification     Colección Infantil General Biblioteca Pública Metropolitana Salomé Ureña Biblioteca Pública Metropolitana Salomé Ureña 09/17/2024   BPMSU CGI 790.1 M678j 2003 BPMSU24090054 09/17/2024 v.2, e.2 09/17/2024 Libros
    Dewey Decimal Classification     Colección Infantil General Biblioteca Pública Metropolitana Salomé Ureña Biblioteca Pública Metropolitana Salomé Ureña 09/17/2024   BPMSU CGI 790.1 M678j 2003 BPMSU24090055 09/17/2024 v.2, e.3 09/17/2024 Libros